000 00769nam a2200265 i 4500
001 C2-0314735
003 PPAK
005 20180728110422.0
008 120227s2010 my a|||| ||||| | may d
020 _a9789838982528
040 _aPPAK
_beng
_cPPAK
_erda
082 0 4 _a330.9595
_223
090 0 0 _a330.9595
_bNUR
_dRK
100 0 _aNur Iman,
_eauthor
245 1 0 _aTanaman ladang
264 1 _aMelaka :
_bPustaka Ilham ,
_c2010
300 _a62 pages :
_bcolour illustrations ;
_c29 cm
336 _2rdacontent
_atext
337 _2rdamedia
_aunmediated
338 _2rdacarrier
_avolume
490 1 _aSiri sumber ekonomi
650 1 0 _aMalaysia - Economic conditions. ; Agriculture - Juvenile literature.
830 0 _aSiri sumber ekonomi
942 _ddc
_cB
999 _c116072
_d116072